Kritikal na pagbasa at akademikong pagsulat tungo sa pananaliksik / (Record no. 6747)

MARC details
000 -LEADER
fixed length control field 00695nam a22002057a 4500
003 - CONTROL NUMBER IDENTIFIER
control field OSt
005 - DATE AND TIME OF LATEST TRANSACTION
control field 20251203104608.0
008 - FIXED-LENGTH DATA ELEMENTS--GENERAL INFORMATION
fixed length control field 251203b |||||||| |||| 00| 0 eng d
020 ## - INTERNATIONAL STANDARD BOOK NUMBER
International Standard Book Number 978-971-506-5771.
040 ## - CATALOGING SOURCE
Original cataloging agency DWCL-Admin lib
Transcribing agency OC
082 ## - DEWEY DECIMAL CLASSIFICATION NUMBER
Classification number Fil. 490.7 P649k 2010
100 ## - MAIN ENTRY--PERSONAL NAME
Personal name Pineda-De Castro, Imelda
245 ## - TITLE STATEMENT
Title Kritikal na pagbasa at akademikong pagsulat tungo sa pananaliksik /
Statement of responsibility, etc. Imelda Pineda-De Castro
260 ## - PUBLICATION, DISTRIBUTION, ETC.
Place of publication, distribution, etc. Manila :
Name of publisher, distributor, etc. UST Pub. House,
Date of publication, distribution, etc. c2010.
300 ## - PHYSICAL DESCRIPTION
Extent xii, 304 p. ;
Dimensions 26 cm.
504 ## - BIBLIOGRAPHY, ETC. NOTE
Bibliography, etc. note Inlcudes bibliographical references.
650 ## - SUBJECT ADDED ENTRY--TOPICAL TERM
Topical term or geographic name entry element 1. Filipino language-Study and teaching.
700 ## - ADDED ENTRY--PERSONAL NAME
Personal name Manaois-Taruc, Zendel Rosario
942 ## - ADDED ENTRY ELEMENTS (KOHA)
Source of classification or shelving scheme Dewey Decimal Classification
Koha item type Book-Filipiniana
Call number prefix Fil.
Suppress in OPAC No
952 ## - LOCATION AND ITEM INFORMATION (KOHA)
--
Holdings
Withdrawn status Lost status Source of classification or shelving scheme Damaged status Not for loan Home library Current library Shelving location Date acquired Source of acquisition Cost, normal purchase price Total Checkouts Full call number Barcode Date last seen Copy number Price effective from Koha item type Uniform Resource Identifier
    Dewey Decimal Classification     College Library College Library Filipiniana 06/30/2011 School Fund 250.00   Fil. 490.7 P649k 2010 48580 12/03/2025 c1 12/03/2025 BK - FIL